Statystyki dla Największe miasta w Bułgarii

Kliknij tutaj aby rozwiązać quiz!

Ogólne statystyki

  • Ten quiz został rozwiązany 102 razy
  • Średni wynik to 5 z 10

Statystyki odpowiedzi

LudnośćMiasto% Poprawnych
1 242 568Sofia
100%
336 216Warna
90%
347 851Płowdiw
71%
201 779Burgas
70%
141 231Ruse
43%
134 726Stara Zagora
37%
95 086Plewen
23%
82 240Dobricz
22%
75 442Szumen
17%
84 985Sliwen
16%

Rozkład punktacji

Percentyl według liczby udzielonych odpowiedzi

Procent ludzi z każdym wynikiem

Twoja historia wyników

Nie rozwiązałeś tego quizu